000 00674nam a2200229 a 4500
001 BRCA_5660
005 20190320205154.0
008 220211s1949----nyua######---#000-0#eng-#
041 _aeng
044 _anyu
050 4 _aTT199
_b.L67 1949
100 1 _aLorini, M. Campbell
_914383
245 1 0 _aHow to restore antique furniture
_cM. Campbell Lorini & Henry Lionel Williams.
260 _aNueva York
_bPellegrini and Cudahy
_c1949
300 _a214 p.
_bil.
_c23 cm.
500 _aIncluye índice temático y glosario
500 _aF132
650 1 4 _aMuebles
_xReparación
_914384
700 1 _aWilliams, Henry Lionel
_ecoaut.
_914385
902 _aGFM
942 _2lcc
_cB
999 _c5353
_d5353